00583nam a22002057a 450000500170000001000150001702000260003203500140005803700090007208200160008110000160009724500870011325000060020026000450020627000450025130000210029650000190031765000170033670000240035320241009151711.0 aENG-141998 a9789381236215c80.00  aEN-125530 bDBAD a633.085821 aSudhakar, P aScientific Production of Commercial Crops in India/cBy P Sudhakar [and] S. Ramesh a1 aChidambarambSri Velan Pathippagamc2012 a5, S.P. Koil StreetbChidambarame608001 a208p.c22cm(pbk) aincludes index aMicrobiology aRamesh, S. eAuthor